000 01128nam a2200229 a 4500
001 21894
003 CO-ViMGA
008 141112s2004 ck r 000 u spa d
020 _a9583801364
040 _aCO-ViMGA
_bspa
_cCO-ViMGA
082 0 4 _a388.0986 P122i
100 1 _aPachón, Álvaro; Ramírez, María Teresa
_931281
245 1 0 _aLa infraestructura de transporte en Colombia durante el siglo XX
260 _aBogotá :
_bFondo de cultrua económica,
_c2006
300 _a568
505 _aDesarrollo de la infraestructura de transporte en Colombia 8 - - Efectos de eslabonamiento de la infraestructura de transporte sobre la economía colombiana 135 - - El transporte en la segunda mitad del siglo XX 227 - - Los ferrocarriles nacionales después de 1950 272 - - El transporte automotor de carga 322
590 _aForma de adquisición : Donación - - Precio : 10000 - - Fecha de adquisición : Julio 2007
650 1 4 _aEconomía DEL TRANSPORTE - HISTORIA - COLOMBIA
_931282
650 1 4 _aINFRAESTRUCTURA VIAL - COLOMBIA
_931283
650 1 4 _aTRANSPORTE - HISTORIA - COLOMBIA - SIGLO XX
_931284
942 _2ddc
_cBK
999 _c30438
_d30438